|
|
|
|
| LEADER |
00000cam a2200000 c 4500 |
| 001 |
02174632X |
| 003 |
DE-627 |
| 005 |
20260206200345.0 |
| 007 |
tu |
| 008 |
910917s1987 gw ||||| 00| ||ger c |
| 015 |
|
|
|a 87,N30,0194
|2 dnb
|
| 015 |
|
|
|a 88,A09,0359
|2 dnb
|
| 016 |
7 |
|
|a 870840940
|2 DE-101
|
| 020 |
|
|
|a 3472143568
|9 3-472-14356-8
|
| 035 |
|
|
|a (DE-627)02174632X
|
| 035 |
|
|
|a (DE-603)007527411
|
| 035 |
|
|
|a (DE-576)025667297
|
| 035 |
|
|
|a (DE-599)GBV02174632X
|
| 035 |
|
|
|a (OCoLC)256103108
|
| 035 |
|
|
|a (OCoLC)256103108
|
| 035 |
|
|
|a (OCoLC)180434205
|
| 040 |
|
|
|a DE-627
|b ger
|c DE-627
|e rakwb
|
| 041 |
|
|
|a ger
|
| 044 |
|
|
|c XA-DE
|
| 084 |
|
|
|a 19
|a 17
|2 sdnb
|
| 084 |
|
|
|a PN 709
|2 rvk
|0 (DE-625)rvk/137657:
|
| 100 |
1 |
|
|a Hess, Kurt-Michael
|4 aut
|
| 245 |
1 |
4 |
|a Die Gewerbeuntersagung nach § 35 GewO
|b Sonderdr. aus d. Kommentar zur Gewerbeordnung, hrsg. von Karl Heinrich Friauf, begr. von Eberhard Fuhr
|c von Kurt-Michael Hess
|
| 246 |
3 |
3 |
|a Die Gewerbeuntersagung nach Paragraph 35 GeWO
|
| 264 |
|
1 |
|a Neuwied
|a Darmstadt
|b Luchterhand
|c 1987
|
| 300 |
|
|
|a XIII, 151 S.
|
| 336 |
|
|
|a Text
|b txt
|2 rdacontent
|
| 337 |
|
|
|a ohne Hilfsmittel zu benutzen
|b n
|2 rdamedia
|
| 338 |
|
|
|a Band
|b nc
|2 rdacarrier
|
| 583 |
1 |
|
|a Archivierung prüfen
|c 20200919
|f DE-640
|z 3
|2 pdager
|
| 583 |
1 |
|
|a Archivierung prüfen
|c 20240324
|f DE-4165
|z 1
|2 pdager
|
| 650 |
0 |
7 |
|0 (DE-588)4113752-8
|0 (DE-627)10582710X
|0 (DE-576)209479051
|a Gewerbeuntersagung
|2 gnd
|
| 650 |
0 |
7 |
|0 (DE-588)4195138-4
|0 (DE-627)105214167
|0 (DE-576)210099054
|a Unzuverlässigkeit
|2 gnd
|
| 655 |
|
7 |
|a Kommentar
|0 (DE-588)4136710-8
|0 (DE-627)104500719
|0 (DE-576)209671467
|2 gnd-content
|
| 689 |
0 |
0 |
|d s
|0 (DE-588)4113752-8
|0 (DE-627)10582710X
|0 (DE-576)209479051
|a Gewerbeuntersagung
|2 gnd
|
| 689 |
0 |
1 |
|d s
|0 (DE-588)4195138-4
|0 (DE-627)105214167
|0 (DE-576)210099054
|a Unzuverlässigkeit
|2 gnd
|
| 689 |
0 |
|
|5 DE-101
|
| 856 |
4 |
2 |
|u http://d-nb.info/870840940/04
|m B:DE-101
|q application/pdf
|3 Inhaltsverzeichnis
|7 1
|
| 935 |
|
|
|i Blocktest
|
| 936 |
r |
v |
|a PN 709
|b Einzeldarstellungen
|k Rechtswissenschaft
|k Verwaltungswissenschaften und Verwaltungsrecht
|k Besonderes Verwaltungsrecht
|k Gewerbe- und Berufsrecht
|k Gewerbeordnung
|k Einzeldarstellungen
|0 (DE-627)1271328534
|0 (DE-625)rvk/137657:
|0 (DE-576)201328534
|
| 936 |
s |
n |
|a p100
|2 mzub
|
| 936 |
s |
n |
|a q100
|2 mzub
|
| 951 |
|
|
|a BO
|
| ELC |
|
|
|b 1
|
| LOK |
|
|
|0 000 xxxxxcx a22 zn 4500
|
| LOK |
|
|
|0 001 3080774477
|
| LOK |
|
|
|0 003 DE-627
|
| LOK |
|
|
|0 004 02174632X
|
| LOK |
|
|
|0 005 20140613140333
|
| LOK |
|
|
|0 008 140613||||||||||||||||ger|||||||
|
| LOK |
|
|
|0 040
|a DE-21-110
|c DE-627
|d DE-21-110
|
| LOK |
|
|
|0 689
|a s
|a Gewerbeuntersagung
|
| LOK |
|
|
|0 689
|a s
|a Unzuverlässigkeit
|
| LOK |
|
|
|0 852
|z Kein Bestand am IfK; Nachweis für KrimDok
|
| LOK |
|
|
|0 852
|a DE-21-110
|
| LOK |
|
|
|0 852 1
|m v
|9 00
|
| LOK |
|
|
|0 935
|a k110
|
| LOK |
|
|
|0 938
|k v
|
| LOK |
|
|
|0 939
|a 13-06-14
|b l01
|
| ORI |
|
|
|a SA-MARC-krimdoka001.raw
|